|
|
|
|
| LEADER |
00000nab a2200000 a 4500 |
| 001 |
vtls008703546 |
| 003 |
SK-MaSNL |
| 005 |
20260304144720.0 |
| 008 |
250505c2006 xo |||||||||||000 b|slo |
| 015 |
|
|
|a SNBRB2006/05
|2 snkbucl
|
| 035 |
|
|
|a (uuid)3c2a9203-1f45-4b1e-82a9-b55379f7d203
|
| 035 |
|
|
|a urn:nbn:sk:snk-ab9f5f
|
| 035 |
|
|
|a (urnnbn)urn:nbn:sk:snk:ar-a08c6j
|
| 038 |
|
|
|a SNKBUCL
|
| 040 |
|
|
|a SNKBUCL
|b slo
|c SNKBUCL
|e AACR2
|
| 041 |
0 |
|
|a cze
|
| 044 |
|
|
|a xo
|c SK
|
| 080 |
|
|
|a 72.071.1
|2 1997
|
| 080 |
|
|
|a 929 Loos, Adolf
|2 1997
|
| 100 |
1 |
|
|a Prokopová, Helena
|4 aut
|9 361323
|
| 245 |
1 |
0 |
|a Odborník se musí stále učit
|c Helena Prokopová
|
| 300 |
|
|
|b Fotogr.
|
| 600 |
1 |
7 |
|a Loos, Adolf,
|d 1870-1933
|2 snkbucl
|9 620229
|
| 773 |
0 |
|
|t Stolársky magazín
|g Roč. 7, č. 1-2 (2006), s. 62-63
|x 1335-7018
|
| 850 |
|
|
|a Slovenská národná knižnica
|
| 852 |
|
|
|a Slovenská národná knižnica
|
| 958 |
|
|
|a article13
|
| 958 |
|
|
|a OND
|
| 958 |
|
|
|a BC
|
| 958 |
|
|
|a CZ
|
| 958 |
|
|
|a EUIPO
|
| 999 |
|
|
|c 2932839
|d 2934769
|